| 000 | 01163cam a22003014a 4500 | ||
|---|---|---|---|
| 001 | 13506566 | ||
| 005 | 20221011103908.0 | ||
| 008 | 040301s2004 maua b 001 0 eng | ||
| 010 | _a 2004042218 | ||
| 020 | _a0674013077 | ||
| 040 |
_aDLC _cDLC _dDLC |
||
| 042 | _apcc | ||
| 043 | _aa-cc--- | ||
| 050 | 0 | 0 |
_aDS761 _b.L58 2004 |
| 082 | 0 | 0 |
_a951.034 _bLIU |
| 100 | 1 |
_aLiu, Lydia He. _999791 |
|
| 245 | 1 | 4 |
_aThe clash of empires : _bthe invention of China in modern world making / _cLydia H. Liu. |
| 246 | 3 | 0 | _aInvention of China in modern world making |
| 260 |
_aCambridge, Mass. : _bHarvard University Press, _c2006. |
||
| 300 |
_axiii, 318 p. : _bill. ; _c24 cm. |
||
| 504 | _aIncludes bibliographical references (p. [243]-296) and index. | ||
| 651 | 0 |
_aChina _xHistory _y1861-1912. _999792 |
|
| 651 | 0 |
_aChina _xPolitics and government _y19th century. _914177 |
|
| 856 | 4 | 1 |
_3Table of contents _uhttp://www.loc.gov/catdir/toc/fy054/2004042218.html |
| 906 |
_a7 _bcbc _corignew _d1 _eocip _f20 _gy-gencatlg |
||
| 942 |
_2ddc _cBK |
||
| 999 |
_c591657 _d591657 |
||